Afronta tu depresión con psicoterapia interpersonal (Registro nro. 3280)

Detalles MARC
000 -Cabecera
Campo de control de longitud fija 00700aam a2200265 4500
005 - Fecha y hora de la última transacción
Campo de control 20250825154547.0
008 - Elementos de longitud fija--Información general
Campo de control de longitud fija 150407b2010 xxu||||| |||| 00| 0 spa d
020 ## - International Standard Book Number
Número Internacional Estándar del Libro (ISBN) 9788433024459
041 ## - Idioma
Código de idioma Español
082 ## - Clasificación Decimal Dewey
Número de clasificación 616.852.7 G216a
100 ## - Entrada principal--Autor personal
Nombre personal García Sánchez, Juan
100 ## - Entrada principal--Autor personal
Nombre personal Palazón Rodríguez, Pepa
9 (RLIN) 27988
245 ## - Título propiamente dicho
Título Afronta tu depresión con psicoterapia interpersonal
260 ## - Pie de imprenta
Lugar de publicación, distribución, etc. España
260 ## - Pie de imprenta
Nombre del editor, distribuidor, etc. Desclée de Brouwer
260 ## - Pie de imprenta
Fecha de publicación, distribución, etc. 2010
300 ## - Descripción física
Extensión 263 páginas
490 ## - Serie
Título de la Serie Temática General
650 ## - Materia general
Temática (materia general) DEPRESIÓN
650 ## - Materia general
Temática (materia general) TRATAMIENTO PSICOLÓGICO
650 ## - Materia general
Temática (materia general) AUTOAYUDA
650 ## - Materia general
Temática (materia general) TRASTORNOS
650 ## - Materia general
Temática (materia general) TIPOS DE DEPRESIÓN
942 ## - Punto de acceso adicional KOHA
Tipo de ítem KOHA Libro
Fuente del sistema de clasificación o colocación Dewey Decimal Classification
Existencias
Signatura completa Código de barras Programa Académico Tipo de ítem
616.852.7 G216a 17972 Temática General Libro